Airlines By Their IATA Code - Statistics

General Stats
  • This quiz has been taken 990 times
  • The average score is 9 of 18
Answer Stats
Hint Airline % Correct
DL Delta Air Lines
94%
UA United Airlines
94%
AA American Airlines
82%
QF Qantas
80%
BA British Airways
73%
AC Air Canada
72%
KL KLM Royal Dutch Airlines
59%
VS Virgin Atlantic
48%
AV Avianca
46%
SU Aeroflot
42%
VA Virgin Australia
39%
CA Air China
38%
KE Korean Airlines
30%
VX Virgin America
30%
CI China Airlines
29%
BE Flybe
23%
TA TACA
15%
G4 Allegiant Air
14%
No matching quizzes found
Score Distribution
Percent of People with Each Score
Percentile by Number Answered
Your Score History
You have not taken this quiz